| 000 | 00695nam a2200169 a 4500 | ||
|---|---|---|---|
| 001 | 000029294 | ||
| 005 | 20200930055445.0 | ||
| 008 | 110413s1984 dr 000 | spa d | ||
| 040 |
_aDO-SdBNP _bspa _cBNPHU |
||
| 082 |
_axxxx _bE77r |
||
| 100 | 1 |
_aEsquea Guerrero, Emmanuel, _d1944 _98472 |
|
| 245 | 1 | 3 |
_aEl régimen jurídico de las aguas en la República Dominicana / _cEmmanuel Esquea Guerrero. |
| 260 |
_aSanto Domingo : _bONAP, _c1984. |
||
| 300 |
_a15 cm. ; _c21 cm. |
||
| 500 | _aDiscurso pronunciado por el Dr. Emmanuel Esquea Guerrero, Consultor Jurídico del Poder Ejecutivo, con motivo del décimo aniversario del Instituto Nacional de Recursos Hidráulicos (INDRHI) . | ||
| 049 | _aBNPD | ||
| 999 |
_c28786 _d28786 |
||